000 00646nam a2200229Ia 4500
003 OSt
005 20220928145620.0
006 a|||||r|||| 00| 0
007 ta
008 220927b |||||||| |||| 00| 0 eng d
024 _a81571
037 _cTextual
040 _aSDCL
_cSDCL
_beng
041 _2eng
_aeng
082 _aV53'N39<-N14, M5
100 _aBernard Phillippe
_9513757
245 0 _aDecline of the third republic, 1914 - 1939. Tr by Anthony Forster.
260 _c1985
700 _a Dubief Henri
_9513758
942 _hV53'N39<-N14, M5
_cTEXL
_2CC
999 _c834420
_d834420